| 000 -ლიდერი |
| ფიქსირებული სიგრძის საკონტროლო ველი |
01690nam a22002297a 4500 |
| 003 - საკონტროლო ნომრის იდენტიფიკატორი |
| საკონტროლო ველი |
Ge_BSU |
| 005 - ბოლო ოპერაციის თარიღი და დრო |
| საკონტროლო ველი |
20221221152926.0 |
| 008 - ფიქსირებული სიგრძის მონაცემთა ელემენტები - ზოგადი ინფორმაცია |
| ფიქსირებული სიგრძის საკონტროლო ველი |
191114s2019 ge ||||| |||| 00| 0 geo d |
| 041 ## - ენის კოდი |
| Language code of text/sound track or separate title |
geo |
| 080 ## - უნივერსალური ათობითი კლასიფიკაციის ინდექსი |
| Universal Decimal Classification number |
58 დ-43 |
| 100 ## - მთავარი ჩანაწერი - პიროვნების სახელი |
| Personal name |
დიასამიძე, ჯიმშერ |
| 9 (RLIN) |
5351 |
| 245 ## - ცნობა სათაურის შესახებ |
| Title |
ბოსტნეულ - ბახჩეული კულტურების დომინანტი პათოგენების გამოვლენა და მათ წინააღმდეგ ბრძოლის ღონისძიებების შემუშავება შიდა და მაღალმთიანი აჭარის პირობებში / |
| Statement of responsibility, etc |
ჯიმშერ დიასამიძე, სამეცნ. ხელმძღვანელი ო. შაინიძე. |
| 264 ## - წარმოების, გამოცემის, დისტრიბუციის და სხვა ცნობები |
| გამოცემის, წარმოების, დისტრიბუციის... ადგილი |
ბათუმი : |
| გამოცემის, წარმოების, დისტრიბუციის... სახელწოდება |
ბსუ, |
| გამოცემის, წარმოების, დისტრიბუციის... თარიღი |
2019. |
| 300 ## - ფიზიკური აღწერა |
| Extent |
138 გვ. |
| Other physical details |
სურ. |
| Dimensions |
30 სმ. |
| 504 ## - BIBLIOGRAPHY, ETC. NOTE |
| Bibliography, etc |
ბიბლიოგრ. გვ. 121-130 |
| 653 ## - INDEX TERM--UNCONTROLLED |
| Uncontrolled term |
აგრარული მეცნიერებანი |
| 653 ## - INDEX TERM--UNCONTROLLED |
| Uncontrolled term |
ბოსტნეულ-ბახჩეული კულტურები |
| 653 ## - INDEX TERM--UNCONTROLLED |
| Uncontrolled term |
დისერტაცია |
| 700 ## - ADDED ENTRY--PERSONAL NAME |
| Personal name |
შაინიძე, ო. |
| Relator term |
მეცნ. ხელმძღვანელი |
| 9 (RLIN) |
5352 |
| 710 ## - ADDED ENTRY--CORPORATE NAME |
| Corporate name or jurisdiction name as entry element |
ბათუმის შოთა რუსთაველის სახელმწიფო უნივერსიტეტი |
| Subordinate unit |
ტექნოლოგიური ფაკ-ტი |
| Relator term |
აგროეკოლოგიისა და სატყეო საქმის დეპარტამენტი |
| 9 (RLIN) |
5353 |
| 942 ## - ADDED ENTRY ELEMENTS (KOHA) |
| Source of classification or shelving scheme |
|
| Koha item type |
დისერტაცია |